000
00404nam a2200145Ia 4500
008
191206s9999 xx 000 0 und d
020
_a
393966658
090
_a
PN6014B27
245
4
_a
The Norton introduction to literature
250
_a
3rd ed.
260
_a
Norton
260
_c
cc1995
300
_a
"xxxi, 2165, A61 p. ; 25 cm."
999
_c
17113
_d
17113